000 00273nam a2200097 4500
008 160625b xxu||||| |||| 00| 0 eng d
100 _91207
_a Mallik, U., et al
245 _aLearning with Computer Level - 3
300 _aLearning with Computer Level - 3
942 _2ddc
_cBK
_eN.Y
999 _c986
_d986